00420nam a2200157Ia 45000010006000000050017000060080041000230410008000640820016000721000036000882450085001242600009002093000028002186500008002466540008002542421720260414151028.0260414t2015||||xx |||||||||||||| ||spa|| aESP a796.01bR68 aRivera Mansilla, Franz V. eAUT 0aEl poder del deporte :bexperiencias, reflexiones y aplicaciones para el deporte c2015 a160 páginas :c20 cm. aABD aCAU